[Event "OP-2013-0-03024"]
[Site "LSS email"]
[Date "2013.09.27"]
[Round "?"]
[White "Montanez, Ismael"]
[Black "Smith, Harry"]
[Result "0-1"]
[WhiteElo "1630"]
[BlackElo "719"]
[PlyCount "24"]
[EventDate "2013.09.24"]
[EventType "tourn (corr)"]
[EventRounds "4"]
[EventCountry "GER"]
[SourceTitle "Corr 2022"]
[Source "ChessBase"]
[SourceDate "2021.10.24"]
[SourceVersion "1"]
[SourceVersionDate "2021.10.24"]
[SourceQuality "1"]

1. e4 e6 2. d4 d5 3. Nc3 Bb4 4. Qg4 Qf6 5. e5 Qg6 6. Qxg6 hxg6 7. Bd2 Bxc3 8. Bxc3 Bd7 9. Nf3 Nc6 10. Bd3 0-0-0 11. 0-0-0 Nge7 12. h3 f5 0-1